|
|
|
|
| LEADER |
00000nam0a2200000 4500 |
| 001 |
340735 |
| 005 |
20231102005254.0 |
| 010 |
|
|
|a 9785811430147
|
| 035 |
|
|
|a (RuTPU)RU\TPU\book\367677
|
| 090 |
|
|
|a 340735
|
| 100 |
|
|
|a 20180405d2018 m y0rusy50 ca
|
| 101 |
0 |
|
|a rus
|
| 102 |
|
|
|a RU
|
| 105 |
|
|
|a a j 001zy
|
| 200 |
1 |
|
|a Цифровая обработка сигналов. Водяные знаки в аудиофайлах
|e учебное пособие
|f Е. Л. Столов
|
| 210 |
|
|
|a Санкт-Петербург
|c Лань
|d 2018
|
| 215 |
|
|
|a 173 с.
|c ил.
|
| 225 |
1 |
|
|a Учебники для вузов. Специальная литература
|
| 225 |
1 |
|
|a Магистратура
|
| 320 |
|
|
|a Библиогр.: с. 171-172
|
| 330 |
|
|
|a Основным содержанием пособия является изложение методов работы с цифровыми водяными знаками в аудиофайлах. Чтобы сделать изложение независимым от дополнительных учебников, добавлена глава, включающая необходимые сведения из курса "Цифровая обработка сигналов". Все излагаемые алгоритмы сопровождаются скриптами на языке Python, что позволяет проверить эффективность предложенных методов. Пособие предназначено для студентов, специализирующихся по информационной безопасности.
|
| 606 |
1 |
|
|a Сигналы
|x Цифровая обработка
|2 stltpush
|3 (RuTPU)RU\TPU\subj\67734
|9 83426
|
| 606 |
1 |
|
|a Компьютерные системы
|x Защита информации
|2 stltpush
|3 (RuTPU)RU\TPU\subj\15178
|9 41444
|
| 610 |
1 |
|
|a понятия
|
| 610 |
1 |
|
|a звуковые сигналы
|
| 610 |
1 |
|
|a оцифровка
|
| 610 |
1 |
|
|a преобразование Фурье
|
| 610 |
1 |
|
|a линейные фильтры
|
| 610 |
1 |
|
|a вещественные ортогональные преобразования
|
| 610 |
1 |
|
|a вейвлет-преобразования
|
| 610 |
1 |
|
|a цифровые водяные знаки
|
| 610 |
1 |
|
|a кодирование
|
| 610 |
1 |
|
|a аудиофайлы
|
| 675 |
|
|
|a 004.056.5(075.8)
|v 4
|
| 700 |
|
1 |
|a Столов
|b Е. Л.
|g Евгений Львович
|
| 801 |
|
1 |
|a RU
|b 63413507
|c 20180405
|
| 801 |
|
2 |
|a RU
|b 63413507
|c 20191213
|g RCR
|
| 942 |
|
|
|c BK
|
| 959 |
|
|
|a 1/20180221
|d 2
|e 754,00
|f ЧЗТЛ:1
|f УФ:1
|